000 00537nam a2200157Ia 4500
008 231217s9999 xx 000 0 und d
020 _a81-297-0806-X
041 _aEnglish
082 _a659 SHE;1 R
100 _aShenkar, Oded
245 0 _aChinese century : the rising chinese economy and its impact on the global economy, the balance of power and your job
260 _c2005
_bPearson
_aNew Delhi
300 _axiv+191
650 _aChinese,century,:,rising,chinese,economy,its,impact,global,economy,,balance,job
942 _cAA
999 _c177525
_d177525